00797nam a2200181 a 450000100060000000300090000600800410001502000150005604000280007108200150009910000330011424501900014726000390033730000110037650501830038765000210057065000240059115234CO-ViMGA141112s2004 ck r 000 u spa d a9589288642 aCO-ViMGAbspacCO-ViMGA04a347.9 S6511 aSolano Sierra, Jairo Enrique10aLos recursos procesales - Diversas ramas del derecho : bordinarios, extraordinarios, comentarios, legislación, doctrina, jurisprudencia, teorico práctico , aspectos contraversiales aBogotá, cDoctrina y Ley, c1996 a489.p. aProcedimiento civil Jurisdiccion penal Procedimiento laboral Derecho procesal y administrativo Procedimiento de jurisdiccion coactiva Derecho procesal de policia Derecho canonico14aDERECHO PROCESAL14aRECURSOS PROCESALES